• 首页
  • 本馆介绍
  • 公告通知
  • 最新文献
  • 馆藏检索
  • 电子资源
  • 读者导购
  • 参考咨询
  • 我的图书馆
  • 登录
  • 详细信息显示
  • 放入我的书架
  • 预约/预借图书
  • 作者相关作品
  • 分类相关作品
  • 丛书相关作品
  • 出版社相关作品

书目信息

  • 表格格式
  • 工作单格式
  • 卡片格式
题名:
传统美术在当代美术教育中的现状及策略研究
    
 
作者: 梁刚 著
分册:  
出版信息: 北京   中国国际广播出版社  2020.6
页数: 186页
开本: 24cm
丛书名:
单 册:
中图分类: J114
科图分类:
主题词: 美术教育--教学研究
电子资源:
ISBN: 978-7-5078-4699-7
000 00908nam0 2200229 45
001 012001000592
005 20130909102641.0
010    @a978-7-5078-4699-7@dCNY58.00
100    @a20210311d2020 em y0chiy0110 ea
101 0  @achi
102    @aCN@b110000
105    @aa z 000yy
106    @ar
200 1  @a传统美术在当代美术教育中的现状及策略研究@Achuan tong mei shu zai dang dai mei shu jiao yu zhong de xian zhuang ji ce lue yan jiu@f梁刚著
210    @a北京@c中国国际广播出版社@d2020.6
215    @a186页@c图@d24cm
330    @a本书通过对美术的介绍,区分并熟悉传统美术和当代美术的内容,进而通过对传统美术教育和当代美术教育全方面介绍,引出传统美术在当代美术教育中的发展现状,最后针对传统美术在当代美术教育中存在的发展问题提出对应发展策略。
606 0  @a美术教育@x教学研究
690    @aJ114@v5
701  0 @a梁刚@Aliang gang@4著
801    @aCN@b江苏凤凰@c20211018
905    @b1340256-9@dJ114@e149@f4
    
    传统美术在当代美术教育中的现状及策略研究/梁刚著.-北京:中国国际广播出版社,2020.6
    186页:图;24cm
    
    
    ISBN 978-7-5078-4699-7:CNY58.00
    本书通过对美术的介绍,区分并熟悉传统美术和当代美术的内容,进而通过对传统美术教育和当代美术教育全方面介绍,引出传统美术在当代美术教育中的发展现状,最后针对传统美术在当代美术教育中存在的发展问题提出对应发展策略。
●
相关链接 在E读中查询图书 在五车中查询图书 在当当中查询图书 在豆瓣中查询图书


正题名:传统美术在当代美术教育中的现状及策略研究     索取号:J114/149         预约/预借

序号 登录号 条形码 馆藏地/架位号 状态 备注
1 1340256   213402566   第一样本阅览室/ [索取号:J114/149] 在馆    
2 1340257   213402575   第一借阅区/ [索取号:J114/149] 在馆    
3 1340258   213402584   第一借阅区/ [索取号:J114/149] 在馆    
4 1340259   213402593   第一借阅区/ [索取号:J114/149] 在馆    
唐山师范学院图书馆 欢迎您!
大连网信软件有限公司© 版权所有